000 00525nam a2200205Ia 4500
999 _c46999
_d46999
001 13853
003 GE_BSU
005 20221124154125.0
008 181216s2000||||enk|||||||||||||| ||eng||
020 _a1853406066x
040 _cGE_BSU
041 _aeng
080 _a821.111-3 D-53
100 _aDicks, Terrance
_916052
245 4 _aThe Chonese Ghost Incident /
_cTerrance Dicks.
264 _aLondon :
_bPicadilly Press,
_c2000.
300 _a96 p.;
_b20 cm.
653 _aThe Chonese Ghost Incident
942 _cBK
_2udc